| 000 | 00639nam a22002057a 4500 | ||
|---|---|---|---|
| 003 | OSt | ||
| 005 | 20131106135344.0 | ||
| 008 | 130507s1974 sp ||||| |||| 00| 0 spa d | ||
| 020 | _a8471591065 | ||
| 040 | _cCDMR | ||
| 100 | 1 |
_93342 _aMainer, José-Carlos |
|
| 245 | 1 | 0 |
_aRegionalismo, Burguesía y Cultura _b: los casos de Revista de Aragón (1900-1905) y Hermes (1917-1922) _cJosé-Carlos Mainer |
| 260 |
_aBarcelona _bA. Redondo _cDL 1974 |
||
| 300 | _a223 p. | ||
| 490 | 0 |
_aBeta _v34 |
|
| 650 | 0 | 4 |
_94273 _aRegionalisme |
| 650 | 0 | 4 |
_93246 _aEspanya _xPolítica |
| 650 | 0 | 4 |
_94090 _aPremsa i política _y1900-1922 _zEspanya |
| 942 |
_2udc _cMON |
||
| 999 |
_c6184 _d6184 |
||